| 000 | 01147nam a2200289 i 4500 | ||
|---|---|---|---|
| 001 | 000022024 | ||
| 003 | DO-SdBNP | ||
| 005 | 20240925110118.0 | ||
| 007 | ta | ||
| 008 | 100916s1997 dr 001 0 spa d | ||
| 040 |
_aDO-SdBNP _bspa _cBNPHU _erda |
||
| 082 | 4 | _bC643h | |
| 100 | 1 |
_aChez Checo, José, _d1949- _eautor _4aut. _910145 |
|
| 245 | 1 | 3 |
_aEl historiador y la integración de América Latina / _cJosé Chez Checo. |
| 250 | _aprimera edición | ||
| 264 | 1 |
_aSanto Domingo : _bEditora Amigo del Hogar, _c1997. |
|
| 300 |
_a26 páginas ; _c19 cm. |
||
| 336 |
_2rdacontent _atexto _btxt |
||
| 337 |
_2rdamedia _asinmediación _bn |
||
| 338 |
_2rdacarrier _avolumen _bnc |
||
| 490 |
_aHistoria Total ; _v6 |
||
| 500 | _aIncluye datos biográficos del autor en las solapas de la cubiertas | ||
| 500 | _aIncluye referencias bibliográficas y notas al pie de la páginas. | ||
| 500 | _aConferencia pronunciada en la XIII reunión de consulta de la Comisión de Historia del Instituto Panamericano de Geografía e Historia celebrada en San José Costa Rica el 11 de noviembre de 1993. | ||
| 590 | _aInventariado 2024/BT | ||
| 942 |
_2ddc _cLF2 |
||
| 999 |
_c21522 _d21522 |
||